Development as leadership-led change : (Record no. 939)
[ view plain ]
| 000 -LEADER | |
|---|---|
| fixed length control field | 00839cam a2200241 a 4500 |
| 001 - CONTROL NUMBER | |
| control field | 16396999 |
| 005 - DATE AND TIME OF LATEST TRANSACTION | |
| control field | 20241108175813.0 |
| 008 - FIXED-LENGTH DATA ELEMENTS--GENERAL INFORMATION | |
| fixed length control field | 100811s2010 dcua b 000 0 eng d |
| 020 ## - INTERNATIONAL STANDARD BOOK NUMBER | |
| International Standard Book Number | 9780821383957 (pbk.) |
| 020 ## - INTERNATIONAL STANDARD BOOK NUMBER | |
| International Standard Book Number | 0821383957 (pbk.) |
| 050 00 - LIBRARY OF CONGRESS CALL NUMBER | |
| Classification number | HD57.7 |
| Item number | .A533 2010 |
| 082 00 - DEWEY DECIMAL CLASSIFICATION NUMBER | |
| Classification number | 338.9 |
| Edition information | 23 |
| 100 1# - MAIN ENTRY--PERSONAL NAME | |
| Personal name | Andrews, Matt. |
| 245 10 - TITLE STATEMENT | |
| Title | Development as leadership-led change : |
| Remainder of title | a report for the Global Leadership Initiative / |
| Statement of responsibility, etc. | Matt Andrews, Jesse McConnell, Alison Wescott ; [foreword, J. Edgardo Campos]. |
| 260 ## - PUBLICATION, DISTRIBUTION, ETC. | |
| Place of publication, distribution, etc. | Washington, D.C. : |
| Name of publisher, distributor, etc. | The World Bank, |
| Date of publication, distribution, etc. | 2010. |
| 300 ## - PHYSICAL DESCRIPTION | |
| Extent | vii, 75 p. : |
| Other physical details | ill. ; |
| Dimensions | 25 cm. |
| 650 #0 - SUBJECT ADDED ENTRY--TOPICAL TERM | |
| Topical term or geographic name entry element | Leadership |
| Geographic subdivision | Developing countries. |
| 650 #0 - SUBJECT ADDED ENTRY--TOPICAL TERM | |
| Topical term or geographic name entry element | Organizational change |
| Geographic subdivision | Developing countries. |
| 700 1# - ADDED ENTRY--PERSONAL NAME | |
| Personal name | McConnell, Jesse. |
| 700 1# - ADDED ENTRY--PERSONAL NAME | |
| Personal name | Wescott, Alison. |
| 710 2# - ADDED ENTRY--CORPORATE NAME | |
| Corporate name or jurisdiction name as entry element | World Bank. |
| 942 ## - ADDED ENTRY ELEMENTS (KOHA) | |
| Source of classification or shelving scheme | Library of Congress Classification |
| Koha item type | Books |
| Suppress in OPAC | No |
| 999 ## - | |
| -- | 939 |
| -- | 939 |
| Withdrawn status | Lost status | Source of classification or shelving scheme | Damaged status | Not for loan | Collection | Home library | Current library | Shelving location | Date acquired | Total checkouts | Full call number | Barcode | Date last seen | Copy number | Price effective from | Koha item type |
|---|---|---|---|---|---|---|---|---|---|---|---|---|---|---|---|---|
| Library of Congress Classification | Non-fiction | Business Library (Miotso) | Business Library (Miotso) | General stacks | 11/08/2024 | HD57.7 .A533 2010 | BSSM00000256 | 11/08/2024 | 1 | 11/08/2024 | Books | |||||
| Library of Congress Classification | Non-fiction | Business Library (Miotso) | Business Library (Miotso) | General stacks | 11/08/2024 | HD57.7 .A533 2010 | BSSM00000257 | 11/08/2024 | 2 | 11/08/2024 | Books | |||||
| Library of Congress Classification | Non-fiction | Business Library (Miotso) | Business Library (Miotso) | General stacks | 11/08/2024 | HD57.7 .A533 2010 | BSSM00000258 | 11/08/2024 | 3 | 11/08/2024 | Books |